Allenatori Vincitori Serie A alla loro prima stagione - Statistics

Statistiche generali
  • Questo quiz è stato fatto 39 volte
  • Il punteggio medio è 2 su 10
Statistiche sulle risposte
Squadra Nazione Stagione Allenatore % Corretto
Inter Portogallo 2008-2009 José Mourinho
100%
Milan Italia 1987-1988 Arrigo Sacchi
91%
Inter Italia 1970-1971 Giovanni Invernizzi
25%
Juventus Repubblica Ceca 1971-1972 Čestmír Vycpálek
19%
Torino Italia 1942-1943 Antonio Janni
0%
Juventus Italia 1934-1935 Carlo Bigatto
0%
Milan Italia 1954-1955 Ettore Puricelli
0%
Juventus Inghilterra 1949-1950 Jesse Carver
0%
Torino Inghilterra 1948-1949 Leslie Lievesley
0%
Juventus Jugoslavia 1957-1958 Ljubiša Broćić
0%
Nessun quiz corrispondente trovato
Distribuzione punteggi
Percentuale di utenti per punteggio
Percentile per numero di risposta
I tuoi punteggi nel tempo
Non hai fatto questo quiz